书目信息 |
| 题名: |
多源固废协同制备泡沫玻璃技术研究
|
|
| 作者: | 王继娜 著 | |
| 分册: | ||
| 出版信息: | 北京 中国建材工业出版社 2021.10 |
|
| 页数: | 151页 | |
| 开本: | 26cm | |
| 丛书名: | ||
| 单 册: | ||
| 中图分类: | TQ171.72 | |
| 科图分类: | ||
| 主题词: | 泡沫玻璃--pao mo bo li--制备--研究 | |
| 电子资源: | ||
| ISBN: | 978-7-5160-3330-2 | |
| 000 | 01016nam0 2200241 450 | |
| 001 | 27660 | |
| 005 | 20220921170152.00 | |
| 010 | @a978-7-5160-3330-2@dCNY50.00 | |
| 100 | @a20211127d2021 em y0chiy50 ea | |
| 101 | 0 | @achi |
| 102 | @aCN@b110000 | |
| 105 | @aa a 000yy | |
| 200 | 1 | @a多源固废协同制备泡沫玻璃技术研究@Aduo yuan gu fei xie tong zhi bei pao mo bo li ji shu yan jiu@f王继娜著 |
| 210 | @a北京@c中国建材工业出版社@d2021.10 | |
| 215 | @a151页@c图@d26cm | |
| 300 | @a河南省科技攻关计划 河南省新型墙体材料专项基金项目 河南城建学院科研能力提升项目 | |
| 320 | @a有书目 (第143-151页) | |
| 330 | @a本书共7章, 内容包括: 墙体保温材料的现状、材料性能、赤泥-硅灰基泡沫玻璃的制备、赤泥-粉煤灰基泡沫玻璃的制备、赤泥-煤矸石基泡沫玻璃的制备、赤泥-生活垃圾焚烧灰渣基泡沫玻璃的制备、泡沫玻璃保温层和装饰层的一体化制备工艺。 | |
| 606 | 0 | @a泡沫玻璃@Apao mo bo li@x制备@x研究 |
| 690 | @aTQ171.72@v5 | |
| 701 | 0 | @a王继娜@Awang ji na@4著 |
| 801 | 0 | @aCN@c20220910 |
| 905 | @a河南城建学院图书馆@dTQ171.72@eW225@f2 | |
| 多源固废协同制备泡沫玻璃技术研究/王继娜著.-北京:中国建材工业出版社,2021.10 |
| 151页:图;26cm |
| 河南省科技攻关计划 河南省新型墙体材料专项基金项目 河南城建学院科研能力提升项目 |
| ISBN 978-7-5160-3330-2:CNY50.00 |
| 本书共7章, 内容包括: 墙体保温材料的现状、材料性能、赤泥-硅灰基泡沫玻璃的制备、赤泥-粉煤灰基泡沫玻璃的制备、赤泥-煤矸石基泡沫玻璃的制备、赤泥-生活垃圾焚烧灰渣基泡沫玻璃的制备、泡沫玻璃保温层和装饰层的一体化制备工艺。 |
| ● |
| 相关链接 |
|
|
|
正题名:多源固废协同制备泡沫玻璃技术研究
索取号:TQ171.72/W225
 
预约/预借
| 序号 | 登录号 | 条形码 | 馆藏地/架位号 | 状态 | 备注 |
| 1 | 1579975 | 215799759 | 自科库501/501自科库 139排7列4层/ [索取号:TQ171.72/W225] | 在馆 | |
| 2 | 1579976 | 215799768 | 市委展示图书/501自科库 139排7列4层/ [索取号:TQ171.72/W225] | 在馆 |